Internationale Marketeintrittsstrategien - der Einfluss der Markenstärke dizertačná práca

Saved in:
Bibliographic Details
Main Author: Reheis, Markus
Corporate Author: Obchodná fakulta EU. Katedra marketingu
Other Authors: Lesáková, Dagmar, 1949-
Format: Book
Language:German
Published: Bratislava 2011
Subjects:
Tags: Add Tag
No Tags, Be the first to tag this record!

MARC

LEADER 00000nam a2200000 4500
001 0141376
005 20221207094736.2
041 0 |a ger 
044 |a SK 
245 1 0 |a Internationale Marketeintrittsstrategien - der Einfluss der Markenstärke  |b dizertačná práca  |c Markus Reheis ; školiteľ: Dagmar Lesáková 
264 1 |a Bratislava  |c 2011 
300 |a 143 s. 
610 2 0 |a známky ochranné 
610 2 0 |a stratégia obchodná 
610 2 0 |a trh medzinárodný 
610 2 0 |a trh tovarový 
100 1 |a Reheis, Markus 
700 1 |a Lesáková, Dagmar, 1949- 
710 2 |a Obchodná fakulta EU. Katedra marketingu